| 000 | 00709nam a2200181 i 4500 | ||
|---|---|---|---|
| 001 | 156743 | ||
| 003 | ES-MaACL | ||
| 005 | 20251003170627.0 | ||
| 008 | 991116s1859 fr |||| | fre d | ||
| 040 |
_aCAM _bspa _cCAM |
||
| 100 | 1 |
_aUrsins, Marie-Anne de La Tremoille, _cPricesse des _9128530 |
|
| 245 | 1 | 0 |
_aLettres inédites de la princesse des Ursins / _crecueillies et publiées avec une introduction et des notes par A. Geffroy. |
| 260 |
_aParis : _bDidier, _c1859 ( _fImprimerie de P.-A. Bourdier et c\pie\s) |
||
| 300 |
_aLXIII, 495 p., [1] h. pleg. ; _c23 cm. |
||
| 700 | 1 |
_aGeffroy, Auguste, _d1820-1895 _9127273 |
|
| 852 |
_aES-MaACL _jC-357 _z-- Enc. hol. |
||
| 999 |
_c156743 _d156743 |
||